| 000 | 00558nam a22002051 4500 | ||
|---|---|---|---|
| 001 | 26060 | ||
| 005 | 20220405165127.0 | ||
| 090 | _a26060 | ||
| 100 | _a20040205d1974 m y0pory5003 ba | ||
| 102 | _aPT | ||
| 101 | 0 | _apor | |
| 930 | _lBE/CRE | ||
| 675 |
_a62 _vmed _zpor |
||
| 700 | 1 |
_aSilva _bManuel da |
|
| 999 | _aCampanha Nacional de Educaçäo de Adultos | ||
| 200 | 1 |
_a<O >que é a T.S.F. _fManuel da Silva |
|
| 215 |
_a105,6 p. _cil. _d17 cm |
||
| 210 |
_aLisboa _cCampanha Nacional de Educaçäo de Adultos _d[D.L. 1974] |
||
| 225 | 2 |
_aEducativa. _iL _v1 |
|
| 990 | _cLIVROS | ||